[Event "Regionalliga SO 0607"]
[Site "Bayern"]
[Date "2007.03.18"]
[Round "7.4"]
[White "Ipfelkofer, Frank"]
[Black "Gruentaler, Gerhard"]
[Result "1/2-1/2"]
[WhiteElo "2100"]
[BlackElo "2049"]
[PlyCount "45"]
[EventDate "2006.10.15"]
[EventType "team-tourn"]
[EventRounds "9"]
[EventCountry "GER"]
[SourceTitle "EXT 2008"]
[Source "ChessBase"]
[SourceDate "2007.11.25"]
[SourceVersion "1"]
[SourceVersionDate "2007.11.25"]
[SourceQuality "1"]
[WhiteTeam "Passau II"]
[BlackTeam "Ilmmuenster"]
[WhiteTeamCountry "GER"]
[BlackTeamCountry "GER"]

1. e4 d5 2. exd5 Qxd5 3. Nc3 Qd6 4. Nf3 Nf6 5. d4 a6 6. h3 b5 7. Bg5 Nbd7 8. Be2 e6 9. Qd2 Bb7 10. 0-0 Be7 11. Rad1 0-0 12. Bf4 Qb6 13. Ne5 Rad8 14. Qe3 b4 15. Na4 Qa5 16. b3 Nd5 17. Qg3 Nxf4 18. Qxf4 Bd6 19. Nc4 Qd5 20. Qg4 h5 21. Qf3 Qxf3 22. gxf3 Bc6 23. Nab2 1/2-1/2

[Event "Regionalliga SO 0607"]
[Site "Bayern"]
[Date "2006.12.10"]
[Round "4.6"]
[White "Gruentaler, Gerhard"]
[Black "Moser, Wolfgang"]
[Result "1/2-1/2"]
[WhiteElo "2049"]
[BlackElo "2033"]
[PlyCount "71"]
[EventDate "2006.10.15"]
[EventType "team-tourn"]
[EventRounds "9"]
[EventCountry "GER"]
[SourceTitle "EXT 2008"]
[Source "ChessBase"]
[SourceDate "2007.11.25"]
[SourceVersion "1"]
[SourceVersionDate "2007.11.25"]
[SourceQuality "1"]
[WhiteTeam "Ilmmuenster"]
[BlackTeam "Trostberg"]
[WhiteTeamCountry "GER"]
[BlackTeamCountry "GER"]

1. e4 e6 2. d4 d5 3. Be3 Nf6 4. e5 Nfd7 5. f4 c5 6. c3 Nc6 7. Qd2 Qb6 8. Nf3 Be7 9. Be2 0-0 10. 0-0 a5 11. g4 f6 12. Kh1 cxd4 13. cxd4 a4 14. Nc3 a3 15. b3 Bb4 16. Rac1 Qa5 17. Qd3 fxe5 18. fxe5 Be7 19. Bg5 Qd8 20. Bxe7 Qxe7 21. Nb5 Rf4 22. h3 Nf8 23. Qd2 Ng6 24. Bd3 Rf8 25. Bxg6 hxg6 26. Nd6 Rb8 27. Kg2 Bd7 28. Ng5 Nxd4 29. Rxf8+ Rxf8 30. Nxb7 Nc6 31. Nf3 Qb4 32. Qxb4 Nxb4 33. Nd6 Ra8 34. Ra1 Nc2 35. Rc1 Nb4 36. Ra1 1/2-1/2

[Event "Regionalliga SO 0506"]
[Site "Bayern"]
[Date "2006.02.19"]
[Round "7.6"]
[White "Gruentaler, Gerhard"]
[Black "Bauer, Robert"]
[Result "1-0"]
[WhiteElo "2069"]
[BlackElo "2047"]
[PlyCount "78"]
[EventDate "2005.10.23"]
[EventType "team-tourn"]
[EventRounds "9"]
[EventCountry "GER"]
[SourceTitle "EXT 2007"]
[Source "ChessBase"]
[SourceDate "2006.11.23"]
[SourceVersion "1"]
[SourceVersionDate "2006.11.23"]
[SourceQuality "1"]
[WhiteTeam "Ilmmuenster"]
[BlackTeam "Freising SK"]
[WhiteTeamCountry "GER"]
[BlackTeamCountry "GER"]

1. d4 Nf6 2. Nc3 d5 3. e4 dxe4 4. f3 Bf5 5. fxe4 Nxe4 6. Qf3 Nxc3 7. bxc3 e6 8. Qxb7 Nd7 9. Bd3 Bxd3 10. cxd3 Bd6 11. Nf3 Qb8 12. Qe4 Nf6 13. Qc6+ Ke7 14. 0-0 Qb6 15. Qa4 h6 16. Nd2 a6 17. Rb1 Qa7 18. Nc4 Rhb8 19. Na5 Rxb1 20. Nc6+ Kf8 21. Nxa7 Rxa7 22. Ba3 Rb8 23. Bc5 Bxc5 24. dxc5 Rab7 25. g3 Rb2 26. Rf2 Rb1+ 27. Kg2 Re1 28. Qxa6 Ng4 29. Rd2 g5 30. h3 Ne5 31. d4 Ng6 32. Qa5 Rbb1 33. Kf2 e5 34. Re2 Rf1+ 35. Ke3 f5 36. d5 e4 37. Rd2 Rf3+ 38. Kd4 e3 39. Re2 Rd1+ 1-0

[Event "Regionalliga SO 0506"]
[Site "Bayern"]
[Date "2005.11.27"]
[Round "3.5"]
[White "Gruentaler, Gerhard"]
[Black "Poellner, Ludwig"]
[Result "0-1"]
[WhiteElo "2069"]
[BlackElo "2044"]
[PlyCount "46"]
[EventDate "2005.10.23"]
[EventType "team-tourn"]
[EventRounds "9"]
[EventCountry "GER"]
[SourceTitle "EXT 2007"]
[Source "ChessBase"]
[SourceDate "2006.11.23"]
[SourceVersion "1"]
[SourceVersionDate "2006.11.23"]
[SourceQuality "1"]
[WhiteTeam "Ilmmuenster"]
[BlackTeam "Dorfen PSV"]
[WhiteTeamCountry "GER"]
[BlackTeamCountry "GER"]

1. d4 Nf6 2. Nc3 d5 3. e4 dxe4 4. f3 exf3 5. Nxf3 e6 6. Bg5 Be7 7. Qd2 0-0 8. Bd3 c5 9. dxc5 Nbd7 10. Na4 Nxc5 11. Nxc5 Bxc5 12. Qf4 e5 13. Nxe5 Qb6 14. Qh4 Re8 15. Bxf6 Qxf6 16. Qxh7+ Kf8 17. 0-0-0 Rxe5 18. Qh8+ Ke7 19. Qg8 b6 20. Bf5 Qxf5 21. Qd8+ Ke6 22. Qe8+ Kf6 23. Rhf1 Rxe8 0-1

[Event "Regionalliga SO 0405"]
[Site "Bayern"]
[Date "2005.02.13"]
[Round "7.5"]
[White "Gruentaler, Gerhard"]
[Black "Vodicka, Vlastimil"]
[Result "0-1"]
[WhiteElo "2060"]
[BlackElo "2178"]
[PlyCount "114"]
[EventDate "2004.10.24"]
[EventType "team-tourn"]
[EventRounds "9"]
[EventCountry "GER"]
[SourceTitle "EXT 2007"]
[Source "ChessBase"]
[SourceDate "2006.11.23"]
[SourceVersion "1"]
[SourceVersionDate "2006.11.23"]
[SourceQuality "1"]
[WhiteTeam "Ilmmuenster"]
[BlackTeam "Bayerwald"]
[WhiteTeamCountry "GER"]
[BlackTeamCountry "GER"]

1. d4 Nf6 2. Nc3 c5 3. d5 d6 4. e4 g6 5. Nf3 Bg4 6. Be2 Bxf3 7. Bxf3 Bg7 8. Bf4 Na6 9. Qd2 h5 10. 0-0 0-0 11. Kh1 Nc7 12. a4 Qd7 13. Be2 Rfd8 14. Rad1 b6 15. h3 a6 16. f3 b5 17. axb5 axb5 18. Ra1 b4 19. Rxa8 Rxa8 20. Nd1 Ra1 21. Ne3 Qa4 22. Nc4 Nd7 23. Rxa1 Qxa1+ 24. Qc1 Qa2 25. Bd3 Nb5 26. Bg5 Bf6 27. Kh2 Nd4 28. Bxf6 Nxf6 29. f4 Nxe4 30. Ne3 f5 31. Bxe4 fxe4 32. f5 gxf5 33. Qf1 Qxb2 34. Qf4 Ne2 35. Qxf5 Qe5+ 36. Qxe5 dxe5 37. g3 Kg7 38. Kg2 Kf6 39. Kf2 Nd4 40. Ke1 Nf5 41. Nf1 e6 42. g4 hxg4 43. hxg4 exd5 44. gxf5 Kxf5 45. Ne3+ Ke6 46. Kd2 c4 47. Kd1 Kd6 48. Kc1 Kc5 49. Ng4 Kd6 50. Ne3 c3 51. Nf5+ Kc5 52. Ng3 Kc4 53. Nf5 d4 54. Kd1 b3 55. cxb3+ Kxb3 56. Kc1 e3 57. Ng3 d3 0-1

[Event "Regionalliga SO 9798"]
[Site "Bayern"]
[Date "1998.??.??"]
[Round "?.5"]
[White "Heiduczek, Josef"]
[Black "Gruentaler, Gerhard"]
[Result "1-0"]
[WhiteElo "2090"]
[BlackElo "2035"]
[PlyCount "99"]
[EventDate "1997.10.19"]
[EventType "team-tourn"]
[EventRounds "9"]
[EventCountry "GER"]
[SourceTitle "EXT 2020"]
[Source "ChessBase"]
[SourceDate "2019.10.17"]
[SourceVersion "1"]
[SourceVersionDate "2019.10.17"]
[SourceQuality "1"]
[WhiteTeam "Pfarrkirchen SC"]
[BlackTeam "Ilmmuenster"]
[WhiteTeamCountry "GER"]
[BlackTeamCountry "GER"]

1. e4 Nf6 2. e5 Nd5 3. d4 d6 4. c4 Nb6 5. exd6 exd6 6. Nc3 Be7 7. Be3 N8d7 8. Bd3 Nf6 9. h3 c6 10. b3 Be6 11. Nge2 Nh5 12. d5 Bd7 13. dxc6 bxc6 14. Be4 Rc8 15. 0-0 0-0 16. Bf3 Nf6 17. Nf4 Qc7 18. Qe2 Bf5 19. g4 Bg6 20. h4 h6 21. Bxb6 axb6 22. g5 hxg5 23. hxg5 Nh7 24. Ncd5 cxd5 25. Nxd5 Bd3 26. Qxd3 Qd8 27. Bg4 Bxg5 28. Bxc8 Qxc8 29. Nxb6 Qg4+ 30. Kh1 Bf4 31. Rg1 Qh4+ 32. Kg2 Qh2+ 33. Kf1 Ng5 34. Qd5 Nh3 35. Qg2 Qxg1+ 36. Qxg1 Nxg1 37. Kxg1 Re8 38. a4 Be5 39. Rd1 Rb8 40. a5 Bc3 41. Rxd6 Bxa5 42. c5 Bb4 43. Nd7 Rc8 44. Rd4 Bc3 45. Ra4 Bb2 46. Rc4 Rc7 47. c6 Ba3 48. Nb8 Bd6 49. Na6 Rc8 50. b4 1-0

[Event "Regionalliga SO 9798"]
[Site "Bayern"]
[Date "1998.??.??"]
[Round "?.4"]
[White "Wippich, Markus"]
[Black "Gruentaler, Gerhard"]
[Result "1/2-1/2"]
[WhiteElo "1930"]
[BlackElo "2035"]
[PlyCount "115"]
[EventDate "1997.10.19"]
[EventType "team-tourn"]
[EventRounds "9"]
[EventCountry "GER"]
[SourceTitle "EXT 2020"]
[Source "ChessBase"]
[SourceDate "2019.10.17"]
[SourceVersion "1"]
[SourceVersionDate "2019.10.17"]
[SourceQuality "1"]
[WhiteTeam "Straubing SC"]
[BlackTeam "Ilmmuenster"]
[WhiteTeamCountry "GER"]
[BlackTeamCountry "GER"]

1. d4 Nf6 2. Nf3 d5 3. e3 c6 4. Bd3 e6 5. Nbd2 Nbd7 6. 0-0 Bd6 7. Qe2 0-0 8. e4 dxe4 9. Nxe4 Be7 10. Bf4 b6 11. Rad1 Bb7 12. Nd6 Qc7 13. Nxb7 Qxf4 14. Ne5 Rac8 15. g3 Qh6 16. Bc4 Qh3 17. Rfe1 Nxe5 18. dxe5 Nd5 19. Qe4 Rc7 20. Nd6 Qh6 21. Bb3 Qg6 22. c4 Nb4 23. Qe2 Rd8 24. a3 Na6 25. Bc2 Qh6 26. b4 c5 27. b5 Nb8 28. Ne4 Rcd7 29. Rxd7 Rxd7 30. Rd1 g6 31. f4 Qf8 32. Rxd7 Nxd7 33. Qd3 Nb8 34. Bd1 Qd8 35. Qxd8+ Bxd8 36. Nd6 Kf8 37. Bf3 a6 38. a4 axb5 39. cxb5 Ke7 40. Kf2 f6 41. Nc4 fxe5 42. Nxe5 Bc7 43. Nc4 Nd7 44. Ke3 e5 45. Bc6 exf4+ 46. gxf4 Nf6 47. Bf3 Ke6 48. a5 bxa5 49. b6 Bb8 50. Nxa5 Nd5+ 51. Bxd5+ Kxd5 52. h3 c4 53. b7 Kc5 54. Ke4 Kb5 55. Nxc4 Kxc4 56. f5 gxf5+ 57. Kxf5 Kc5 58. Kg5 1/2-1/2

[Event "Regionalliga SO 9798"]
[Site "Bayern"]
[Date "1997.??.??"]
[Round "?.5"]
[White "Gruentaler, Gerhard"]
[Black "Mittermeier, Josef"]
[Result "0-1"]
[WhiteElo "2035"]
[BlackElo "1990"]
[PlyCount "64"]
[EventDate "1997.10.19"]
[EventType "team-tourn"]
[EventRounds "9"]
[EventCountry "GER"]
[SourceTitle "EXT 2020"]
[Source "ChessBase"]
[SourceDate "2019.10.17"]
[SourceVersion "1"]
[SourceVersionDate "2019.10.17"]
[SourceQuality "1"]
[WhiteTeam "Ilmmuenster"]
[BlackTeam "Dorfen PSV"]
[WhiteTeamCountry "GER"]
[BlackTeamCountry "GER"]

1. d4 f5 2. Bg5 d5 3. Nf3 Nd7 4. e3 Ngf6 5. Bxf6 Nxf6 6. Ne5 c6 7. Nd2 e6 8. Ndf3 Bd6 9. Bd3 0-0 10. 0-0 Ne4 11. c3 Bd7 12. Rc1 Be8 13. Be2 Bh5 14. Nd3 Bxf3 15. Bxf3 Qh4 16. g3 Qf6 17. Bg2 Qh6 18. Qe2 g5 19. f4 g4 20. Bxe4 dxe4 21. Ne5 Rfd8 22. Rcd1 Qf6 23. Rf2 Kg7 24. Qc2 h5 25. h4 gxh3 26. Rh2 Bxe5 27. dxe5 Qg6 28. Rhd2 Qxg3+ 29. Kh1 Rxd2 30. Rxd2 Kh6 31. Rd6 Rg8 32. Rxe6+ Kh7 0-1